The scarlet letter / (Record no. 217)
[ view plain ]
| 000 -LEADER | |
|---|---|
| fixed length control field | 00703nam a2200217 4500 |
| 001 - CONTROL NUMBER | |
| control field | 240 |
| 005 - DATE AND TIME OF LATEST TRANSACTION | |
| control field | 20181127160951.0 |
| 020 00 - INTERNATIONAL STANDARD BOOK NUMBER | |
| International Standard Book Number | 0143032259 |
| 090 00 - LOCALLY ASSIGNED LC-TYPE CALL NUMBER (OCLC); LOCAL CALL NUMBER (RLIN) | |
| Classification number (OCLC) (R) ; Classification number, CALL (RLIN) (NR) | 813.3 H399s 2004 |
| 100 00 - MAIN ENTRY--PERSONAL NAME | |
| Personal name | Hawthorne, Nathaniel. |
| 245 00 - TITLE STATEMENT | |
| Title | The scarlet letter / |
| Remainder of title | |
| Statement of responsibility, etc. | Nathaniel Hawthorne. |
| Medium | |
| 260 00 - PUBLICATION, DISTRIBUTION, ETC. | |
| Place of publication, distribution, etc. | New Delhi : |
| Name of publisher, distributor, etc. | Penguin Books, |
| Date of publication, distribution, etc. | 2004 |
| 300 00 - PHYSICAL DESCRIPTION | |
| Extent | xlviii, 325 p. |
| 500 ## - GENERAL NOTE | |
| General note | "Penguin Study Edition" |
| General note | "Edited by Tapan Basu" |
| 590 ## - LOCAL NOTE (RLIN) | |
| Local note | Electronic copy available on RTC Cloud in "Library" folder |
| 650 00 - SUBJECT ADDED ENTRY--TOPICAL TERM | |
| Topical term or geographic name entry element | Adultery in literature. |
| General subdivision | |
| Topical term or geographic name entry element | Hawthorne, Nathaniel, 1804-1864. Scarlet letter. |
| General subdivision | |
| Topical term or geographic name entry element | Puritans in literature. |
| General subdivision | |
| 700 ## - ADDED ENTRY--PERSONAL NAME | |
| Personal name | Basu, Tapan. |
| Numeration | |
| Titles and other words associated with a name | |
| Dates associated with a name | |
| Relator term | |
| Form subheading | |
| Language of a work | |
| Medium of performance for music | |
| Number of part/section of a work | |
| Arranged statement for music | |
| Name of part/section of a work | |
| Fuller form of name | |
| Key for music | |
| Version | |
| Title of a work | |
| Withdrawn status | Lost status | Source of classification or shelving scheme | Damaged status | Not for loan | Collection code | Home library | Current library | Shelving location | Serial Enumeration / chronology | Inventory number | Total Checkouts | Full call number | Barcode | Date last seen | Copy number | Price effective from | Koha item type | Date acquired | Date last checked out |
|---|---|---|---|---|---|---|---|---|---|---|---|---|---|---|---|---|---|---|---|
| Dewey Decimal Classification | Main TEST | RTC Library | RTC Library | Main opac | 3903 | 813.3 HAW | 30000331 | 27/11/2018 | 1 | 27/11/2018 | Main | ||||||||
| Dewey Decimal Classification | Main TEST | RTC Library | RTC Library | Main opac | 3907 | 813.3 HAW | 30000321 | 27/11/2018 | 2 | 27/11/2018 | Main | ||||||||
| Dewey Decimal Classification | Main TEST | RTC Library | RTC Library | Main opac | 3905 | 813.3 HAW | 30000062 | 27/11/2018 | 4 | 27/11/2018 | Main | ||||||||
| Dewey Decimal Classification | Main TEST | RTC Library | RTC Library | Main opac | 3904 | 813.3 HAW | 30005908 | 27/11/2018 | 3 | 27/11/2018 | Main | ||||||||
| Dewey Decimal Classification | Main TEST | RTC Library | RTC Library | Main opac | 3902 | 813.3 HAW | 30000047 | 27/11/2018 | 5 | 27/11/2018 | Main | ||||||||
| Dewey Decimal Classification | Main TEST | RTC Library | RTC Library | Main opac | 3908 | 813.3 HAW | 30000037 | 27/11/2018 | 6 | 27/11/2018 | Main | ||||||||
| Dewey Decimal Classification | Main TEST | RTC Library | RTC Library | Main opac | 3906 | 813.3 HAW | 30000007 | 27/11/2018 | 7 | 27/11/2018 | Main | ||||||||
| Dewey Decimal Classification | Main TEST | RTC Library | RTC Library | Main opac | 3901 | 1 | 813.3 HAW | 30000042 | 14/05/2022 | 8 | 27/11/2018 | Main | 24/06/2021 | 29/04/2022 |